000 02194nam a22001457a 4500
999 _c531785
_d531785
008 251017b ||||| |||| 00| 0 eng d
100 _aVikas, Vidyarthi
_957402
245 _aFood security question in eastern Indian states: Magnitude and policy options
260 _aBihar Journal of Public Administration
300 _a22(1-S), Jan-Jun, 2025: p.30-46
520 _aLiterature attempts to understand the factors affecting food security, and in turn, factors are being affected by the food insecurity that has an impact on countries prosperity. Socio-economic factors such as food prices, income, climate, war, urbanization, infrastructure, R&D, and environment influence food security, as do availability, affordability, quality, safety, and sustainability of food. Food insecurity ultimately hampers the nation's productivity and growth and creates a cycle of poverty. Hence, ‘food security’ can also be a means to achieve nation prosperity. The policies to cope with the situation of food insecurity are only partially effective and limited by availability. It may be apprehended that food security is neither a natural phenomenon nor the product of an unbalanced Malthusian equation. The world has ample food. Food production has been faster than the unprecedented population growth of the past decades. In fact, today’s farmers produce more than enough food and calories for all 7.8 billion people on earth. Yet nearly 10-12 per cent of people don’t have enough food to eat. Food security is a matter for factual investigation in a given situation. The article attempts to analyze the concept of food security and examine the status of food security in the four Indian states, i.e. Bihar, West Bengal, Jharkhand, and Odisha, and analyze the reasons for food insecurity. It also analyzes the factors that are essential to mitigate the risk of food insecurity. – Reproduced http://www.iipabiharbranch.org/upload/BJPA_Vol.%20XXII%20No%201_S%20%20Jam-June%202025.pdf
650 _aFood security, Food crisis, Food prices, Availability, Affordability, Accessibility, Inequality, Eastern India.
_957403
773 _aBihar Journal of Public Administration
942 _cAR